[Event "ch-CHN w 2011"]
[Site "Xinghua Jiangsu CHN"]
[Date "2011.04.07"]
[Round "8"]
[White "Tan, Zhongyi"]
[Black "Huang, Qian"]
[Result "1/2-1/2"]
[WhiteTitle "WGM"]
[BlackTitle "WGM"]
[WhiteElo "2428"]
[BlackElo "2394"]
[WhiteFideId "8603642"]
[BlackFideId "8602689"]
[EventDate "2011.03.30"]

1. d4 Nf6 2. c4 g6 3. Nc3 Bg7 4. e4 d6 5. Be2 O-O 6. Be3 e5 7. d5 a5 8. Nf3 Ng4
9. Bg5 f6 10. Bh4 Nh6 11. Nd2 g5 12. Bg3 f5 13. exf5 Nxf5 14. O-O Na6 15. Nde4
b6 16. a3 Nc5 17. Rb1 Nd4 18. Bg4 Ba6 19. Nxc5 bxc5 20. b3 Bc8 21. a4 h6 22. Nb5
Nf5 23. Nc3 Nd4 24. Nb5 Nf5 25. Nc3 Nd4 26. Nb5 Nf5 1/2-1/2

[Event "ch-CHN w 2011"]
[Site "Xinghua Jiangsu CHN"]
[Date "2011.04.07"]
[Round "8"]
[White "Wang, Yu A."]
[Black "Zhao, Xue"]
[Result "0-1"]
[WhiteTitle "IM"]
[BlackTitle "GM"]
[WhiteElo "2398"]
[BlackElo "2495"]
[WhiteFideId "8601097"]
[BlackFideId "8601283"]
[EventDate "2011.03.30"]

1. e4 e5 2. Nf3 d6 3. d4 Nf6 4. Nc3 Nbd7 5. dxe5 dxe5 6. Bc4 Bb4 7. O-O O-O 8.
Nd5 Nxd5 9. Bxd5 c6 10. Bb3 Qc7 11. c3 Be7 12. Bg5 Nc5 13. Bxe7 Qxe7 14. Qe2 a5
15. Bc2 Bg4 16. Qe3 b6 17. h3 Bh5 18. Nd2 f6 19. a4 Rfd8 20. Rfb1 Bf7 21. b4
axb4 22. cxb4 Ne6 23. Bb3 Nd4 24. Bxf7+ Qxf7 25. Qd3 Qh5 26. Qc4+ Kf8 27. Nb3
Qe2 28. Qxe2 Nxe2+ 29. Kf1 Nc3 30. Rc1 Nxe4 31. Rxc6 Rd3 32. Nc1 Rd2 33. f3 Ng3+
34. Ke1 Rxg2 35. a5 e4 36. fxe4 bxa5 37. bxa5 Re8 38. a6 Rxe4+ 39. Kd1 Rd4+ 40.
Ke1 Rf4 0-1

[Event "ch-CHN w 2011"]
[Site "Xinghua Jiangsu CHN"]
[Date "2011.04.08"]
[Round "9"]
[White "Huang, Qian"]
[Black "Zhang, Xiaowen"]
[Result "0-1"]
[WhiteTitle "WGM"]
[BlackTitle "WGM"]
[WhiteElo "2394"]
[BlackElo "2344"]
[WhiteFideId "8602689"]
[BlackFideId "8603219"]
[EventDate "2011.03.30"]

1. c4 Nf6 2. Nf3 g6 3. b3 Bg7 4. Bb2 d6 5. d4 O-O 6. g3 Nbd7 7. Bg2 e5 8. dxe5
Ng4 9. O-O Ndxe5 10. Nc3 Nxf3+ 11. Bxf3 Rb8 12. Qd2 h5 13. Bg2 Be6 14. Rad1 Nf6
15. Nd5 a6 16. Nxf6+ Bxf6 17. c5 Bxb2 18. Qxb2 Qe7 19. cxd6 cxd6 20. Qd4 Rfd8
21. Qb6 Rd7 22. Rd2 Qd8 23. Qb4 Qc7 24. Rfd1 Rbd8 25. Be4 d5 26. Bf3 d4 27. Rxd4
Rxd4 28. Rxd4 Rxd4 29. Qxd4 Qc2 30. a4 Qxb3 31. a5 Bh3 32. Qa1 b6 33. axb6 Qxb6
34. Bd5 Qc5 35. Qd1 a5 36. Bb3 Qb4 37. Qd8+ Kg7 38. Qd1 h4 39. Qa1+ Kg8 40. Qd1
Qb7 41. Bd5 Qb5 42. Bb3 Qd7 43. Qc2 Bf5 44. Qa2 h3 45. Qxa5 Be6 46. Qa4 Qb7 47.
e4 Bxb3 48. Qe8+ Kh7 49. Qe5 Be6 50. f3 Qb6+ 51. Kf1 Bc4+ 0-1

[Event "ch-CHN w 2011"]
[Site "Xinghua Jiangsu CHN"]
[Date "2011.04.08"]
[Round "9"]
[White "Ding, Yixin"]
[Black "Tan, Zhongyi"]
[Result "0-1"]
[WhiteTitle "WGM"]
[BlackTitle "WGM"]
[WhiteElo "2376"]
[BlackElo "2428"]
[WhiteFideId "8602972"]
[BlackFideId "8603642"]
[EventDate "2011.03.30"]

1. e4 d6 2. d4 Nf6 3. Nc3 g6 4. Nf3 Bg7 5. h3 O-O 6. Be3 c6 7. Bd3 Nbd7 8. Qd2
Qc7 9. O-O b5 10. Ne2 c5 11. c3 e5 12. dxe5 Nxe5 13. Nxe5 dxe5 14. Bh6 Rd8 15.
Bxg7 Kxg7 16. Qe3 c4 17. Bc2 Qb6 18. Qg5 Qc5 19. Rad1 h6 20. Qc1 Be6 21. Kh1 Bd7
22. b4 cxb3 23. axb3 Bc6 24. f3 a5 25. Rxd8 Rxd8 26. Rd1 Rxd1+ 27. Qxd1 Qf2 28.
Nc1 Qc5 29. Ne2 Qe3 30. Qd3 Qf2 31. c4 b4 32. Bd1 Qc5 33. Ng3 Nd7 34. Nf1 Qf2
35. Kh2 h5 36. Nd2 h4 37. Qd6 Nf6 38. Bc2 Bd7 39. Kh1 Bxh3 40. gxh3 Nh5 41.
Qxe5+ Kh7 0-1

[Event "ch-CHN w 2011"]
[Site "Xinghua Jiangsu CHN"]
[Date "2011.04.08"]
[Round "9"]
[White "Wang, Jue"]
[Black "Xu, Tong"]
[Result "1-0"]
[BlackTitle "WIM"]
[WhiteElo "2275"]
[BlackElo "2217"]
[WhiteFideId "8604070"]
[BlackFideId "8601739"]
[EventDate "2011.03.30"]

1. Nf3 Nf6 2. c4 g6 3. Nc3 Bg7 4. d4 O-O 5. g3 d6 6. Bg2 Nbd7 7. O-O e5 8. e4
Re8 9. h3 h6 10. Be3 exd4 11. Nxd4 Nc5 12. Qc2 a5 13. Rad1 c6 14. Nxc6 Qc7 15.
Nd4 Qe7 16. Rfe1 Bd7 17. Bf4 g5 18. Bd2 Rac8 19. Nf5 Bxf5 20. exf5 Qd7 21. Nd5
Nxd5 22. Bxd5 Qc7 23. f6 Bxf6 24. Qg6+ Bg7 25. Rxe8+ Rxe8 26. Bc3 Re5 27. Bxe5
dxe5 28. Bxf7+ Kh8 29. Be6 Qe7 30. Bf5 Kg8 31. Qb6 Bf8 32. Rd8 e4 33. Qxh6 1-0

[Event "ch-CHN w 2011"]
[Site "Xinghua Jiangsu CHN"]
[Date "2011.04.08"]
[Round "9"]
[White "Gu, Xiaobing"]
[Black "Guo, Qi"]
[Result "0-1"]
[WhiteTitle "WGM"]
[WhiteElo "2369"]
[BlackElo "2331"]
[WhiteFideId "8602611"]
[BlackFideId "8604002"]
[EventDate "2011.03.30"]

1. e4 e6 2. d4 d5 3. Nd2 c5 4. exd5 Qxd5 5. Ngf3 cxd4 6. Bc4 Qd6 7. O-O Nf6 8.
Nb3 Nc6 9. Nbxd4 Nxd4 10. Nxd4 a6 11. Re1 Qc7 12. Bb3 Bd6 13. h3 O-O 14. Bg5
Bh2+ 15. Kh1 Bf4 16. Bxf6 gxf6 17. Qh5 Kh8 18. Nf3 Rg8 19. Re4 b5 20. Qh4 Bg5
21. Nxg5 Rxg5 22. Rg4 Qe5 23. Rd1 Rxg4 24. hxg4 Kg7 25. c3 Bb7 26. Qh2 Qe2 27.
Qf4 Rd8 28. Rb1 Be4 29. g5 f5 30. Rc1 Ba8 31. Kg1 Rd2 32. c4 bxc4 33. Bxc4 Rd1+
34. Rxd1 Qxd1+ 35. Kh2 Qd8 36. b4 Bb7 37. Qe5+ Kg8 38. Qe3 Qc7+ 0-1

[Event "ch-CHN w 2011"]
[Site "Xinghua Jiangsu CHN"]
[Date "2011.04.09"]
[Round "10"]
[White "Xu, Tong"]
[Black "Gu, Xiaobing"]
[Result "0-1"]
[WhiteTitle "WIM"]
[BlackTitle "WGM"]
[WhiteElo "2217"]
[BlackElo "2369"]
[WhiteFideId "8601739"]
[BlackFideId "8602611"]
[EventDate "2011.03.30"]

1. e4 c5 2. Nf3 d6 3. Bc4 Nc6 4. c3 Nf6 5. d3 e6 6. O-O Be7 7. Bb3 O-O 8. Re1 b5
9. d4 d5 10. e5 Ne4 11. Bc2 cxd4 12. cxd4 f5 13. exf6 Nxf6 14. a3 Bd6 15. Bg5
Qc7 16. Nc3 Ng4 17. Ne5 Ngxe5 18. dxe5 Bxe5 19. Nxb5 Qf7 20. Be3 Qf6 21. Bxh7+
Kxh7 22. Qc2+ Kg8 23. Qxc6 Rb8 24. Bxa7 Bb7 25. Qd7 Rf7 26. Rxe5 Rxd7 27. Bxb8
d4 28. Rd1 Qg6 29. f3 Bxf3 30. Rd2 Bc6 31. a4 Qb1+ 0-1

[Event "ch-CHN w 2011"]
[Site "Xinghua Jiangsu CHN"]
[Date "2011.04.09"]
[Round "10"]
[White "Tan, Zhongyi"]
[Black "Wang, Jue"]
[Result "1-0"]
[WhiteTitle "WGM"]
[WhiteElo "2428"]
[BlackElo "2275"]
[WhiteFideId "8603642"]
[BlackFideId "8604070"]
[EventDate "2011.03.30"]

1. d4 Nf6 2. c4 g6 3. Nc3 Bg7 4. Nf3 O-O 5. Bg5 d6 6. e3 Nbd7 7. Be2 e5 8. O-O
h6 9. Bh4 c6 10. Qc2 Qe7 11. b4 g5 12. Bg3 Nh5 13. Bd3 Nxg3 14. hxg3 a5 15. b5
Nb6 16. bxc6 bxc6 17. Rab1 Rb8 18. Na4 Qc7 19. Nxb6 Rxb6 20. Rxb6 Qxb6 21. Rb1
Qa7 22. dxe5 dxe5 23. Bh7+ Kh8 24. Bf5 Ba6 25. c5 Rb8 26. Rd1 Bf8 27. Nxe5 Qxc5
28. Qe4 Qc3 29. Nxf7+ Kg7 30. Nxg5 Rb7 31. Ne6+ Kg8 32. Nxf8 Kxf8 33. Rd8+ Kg7
34. Qg4+ 1-0

[Event "ch-CHN w 2011"]
[Site "Xinghua Jiangsu CHN"]
[Date "2011.04.09"]
[Round "10"]
[White "Zhang, Xiaowen"]
[Black "Ding, Yixin"]
[Result "1-0"]
[WhiteTitle "WGM"]
[BlackTitle "WGM"]
[WhiteElo "2344"]
[BlackElo "2376"]
[WhiteFideId "8603219"]
[BlackFideId "8602972"]
[EventDate "2011.03.30"]

1. e4 c5 2. Nf3 d6 3. c3 Nf6 4. h3 Nc6 5. Bd3 d5 6. e5 Nd7 7. Qe2 Qc7 8. e6 fxe6
9. Ng5 Nf6 10. Nxe6 Qd6 11. Nxf8 Kxf8 12. Bc2 e5 13. d3 Bf5 14. O-O Re8 15. Qd1
Kf7 16. Nd2 g5 17. Re1 g4 18. h4 g3 19. fxg3 e4 20. Rf1 exd3 21. Rxf5 dxc2 22.
Qxc2 Re2 23. Qd3 Rhe8 24. Nf1 c4 25. Qf3 R8e5 26. Bg5 Rxf5 27. Qxf5 Ne7 28. Qf3
Rxb2 29. Ne3 Ng8 30. Rf1 Qb6 31. Kh2 Rb1 32. Qxd5+ Kf8 33. Qxc4 Rxf1 34. Qxf1
Kg7 35. Qf4 Qc5 36. Nf5+ Kf7 37. Nd6+ Ke6 38. Ne4 Nxe4 39. Qxe4+ Kf7 40. Qxh7+
Kf8 41. Qd3 b5 42. Qd4 Qa3 43. Qb4+ 1-0

[Event "ch-CHN w 2011"]
[Site "Xinghua Jiangsu CHN"]
[Date "2011.04.10"]
[Round "11"]
[White "Wang, Jue"]
[Black "Zhang, Xiaowen"]
[Result "1/2-1/2"]
[BlackTitle "WGM"]
[WhiteElo "2275"]
[BlackElo "2344"]
[WhiteFideId "8604070"]
[BlackFideId "8603219"]
[EventDate "2011.03.30"]

1. e4 e6 2. d4 d5 3. Nc3 Nf6 4. Bg5 Be7 5. e5 Nfd7 6. Bxe7 Qxe7 7. f4 a6 8. Nf3
c5 9. dxc5 Nc6 10. Qd2 Nxc5 11. Bd3 O-O 12. O-O f5 13. Qe3 Bd7 14. h3 Be8 15. g4
Nxd3 16. cxd3 d4 17. Nxd4 Nxd4 18. Qxd4 Qh4 19. Qe3 fxg4 20. Ne4 Bc6 21. hxg4
Qxg4+ 22. Qg3 Qxg3+ 23. Nxg3 Rad8 24. Rad1 g6 25. Ne2 Rd7 26. Kf2 Rf5 27. Rg1
Rh5 28. Kg3 Bb5 29. Nc1 Rf5 30. b3 Rg7 31. Ne2 g5 32. Nd4 gxf4+ 33. Kf3 Rxe5 34.
Kxf4 Rd5 35. Nxe6 Rxg1 36. Rxg1+ Kf7 37. Ke4 1/2-1/2

[Event "ch-CHN w 2011"]
[Site "Xinghua Jiangsu CHN"]
[Date "2011.04.10"]
[Round "11"]
[White "Gu, Xiaobing"]
[Black "Tan, Zhongyi"]
[Result "0-1"]
[WhiteTitle "WGM"]
[BlackTitle "WGM"]
[WhiteElo "2369"]
[BlackElo "2428"]
[WhiteFideId "8602611"]
[BlackFideId "8603642"]
[EventDate "2011.03.30"]

1. e4 d6 2. d4 Nf6 3. Nc3 g6 4. Be3 c6 5. f3 Bg7 6. Qd2 b5 7. Nge2 Nbd7 8. Bh6
Bxh6 9. Qxh6 b4 10. Nd1 Qb6 11. Ne3 Ba6 12. O-O-O O-O-O 13. Kb1 e5 14. d5 Ng8
15. Qg7 Qxe3 16. dxc6 Nb8 17. Qxh8 Bxe2 18. Bxe2 Qxe2 19. Qxh7 Qc4 20. Rd5 Nxc6
21. Qxf7 Kb8 22. b3 Qe2 23. Rc1 Nge7 24. Rdd1 Qxg2 25. c3 Qxh2 26. Qc4 bxc3 27.
Rxc3 Qf2 28. Qe6 Kb7 29. Rcd3 Nc8 30. Qf7+ Kb8 31. R3d2 Qe3 32. Rd3 Qf2 33. R3d2
Qe3 34. Rc2 N8e7 35. Qf6 Kb7 36. b4 Qf4 37. Qg7 Qxf3 38. Rdc1 Ka8 39. b5 Rb8 40.
Rb2 Qxe4+ 41. Ka1 Qd4 42. Kb1 Nd5 43. Qd7 Ncb4 44. Rb3 Nb6 45. Qh7 Qe4+ 46. Ka1
N4d5 47. Ra3 Qd4+ 48. Kb1 Qb4+ 49. Rb3 Qe4+ 50. Ka1 Qd4+ 51. Kb1 Nc4 52. Qd7
Qe4+ 53. Ka1 Ndb6 54. Qc6+ Qxc6 55. bxc6 Rc8 56. Rg3 Rxc6 57. Rxg6 Kb7 58. Rh1
d5 59. Rg8 d4 60. Rd8 a5 61. Rh7+ Ka6 62. Re7 a4 63. a3 Kb5 64. Ka2 Rh6 65. Rb8
Rh2+ 66. Ka1 d3 67. Rd7 d2 0-1